000 00672nam a2200205Ii 4500
003 JO-AjNU
008 230605s9999||||xx |||||||||||||| ||und||
040 _aJO-AjNU
_bara
_erda
_cJO-AjNU
041 _aara
050 1 4 _aPR2796.A7.T96 1982
100 3 _aشكسبير، وليم ؛ تعريب إنطوان ر. مشاطي,
_eauthor
_939611
245 0 0 _aسيدان من فيرونا
250 _aط1
264 3 1 _aد.م: دار مارون عبود، 1982
300 _a112ص
336 _atext
_btxt
_2rdacontent
337 _aunmediated
_bn
_2rdamedia
338 _avolume
_bnc
_2rdacarrier
650 4 _aالمسرح الإنجليزي - وليم شكسبير
_939612
999 _aA16743
_c20311
_d20311